| Tag |
First Indicator |
Second Indicator |
Subfields |
| LEADER |
00000cam a2200000La 4500 |
| 001 |
in00001744708 |
| 005 |
20220105110059.0 |
| 006 |
m u |
| 007 |
cr cn--------- |
| 008 |
010105s1998 nyua sb 001 0 eng d |
| 020 |
|
|
|a 0585328633 (electronic bk.)
|
| 035 |
|
|
|a (OCoLC)ocm45842957
|
| 040 |
|
|
|a N$T
|c N$T
|d OCL
|d OCLCQ
|d UtOrBLW
|
| 049 |
|
|
|a IICA
|
| 050 |
1 |
4 |
|a TJ1058
|b .L35 1998eb
|
| 082 |
0 |
4 |
|a 621.8
|2 21
|
| 100 |
1 |
|
|a Lalanne, M.
|0 http://id.loc.gov/authorities/names/n81036832
|
| 245 |
1 |
0 |
|a Rotordynamics prediction in engineering /
|c Michel Lalanne, Guy Ferraris.
|
| 250 |
|
|
|a 2nd ed.
|
| 264 |
|
1 |
|a Chichester ;
|a New York :
|b John Wiley,
|c [1998]
|
| 264 |
|
4 |
|c ©1998
|
| 300 |
|
|
|a ix, 254 pages :
|b illustrations ;
|c 24 cm.
|
| 336 |
|
|
|a text
|b txt
|2 rdacontent
|
| 337 |
|
|
|a computer
|b c
|2 rdamedia
|
| 338 |
|
|
|a online resource
|b cr
|2 rdacarrier
|
| 504 |
|
|
|a Includes bibliographical references (pages [249]-252) and index.
|
| 533 |
|
|
|a Electronic reproduction.
|b Boulder, Colo. :
|c NetLibrary,
|d 2001.
|n Available via World Wide Web.
|n Access may be limited to NetLibrary affiliated libraries.
|
| 500 |
|
|
|a Electronic resource.
|
| 650 |
|
0 |
|a Rotors
|x Dynamics.
|0 http://id.loc.gov/authorities/subjects/sh85115508
|
| 655 |
|
7 |
|a Electronic books.
|2 local
|
| 700 |
1 |
|
|a Ferraris, Guy.
|0 http://id.loc.gov/authorities/names/n88177307
|
| 710 |
2 |
|
|a NetLibrary, Inc.
|0 http://id.loc.gov/authorities/names/no99080690
|
| 776 |
1 |
|
|c Original
|z 0471972886
|w (DLC) 97022472
|w (OCoLC)37156976
|
| 856 |
4 |
1 |
|u https://proxy.library.tamu.edu/login?url=http://www.netLibrary.com/urlapi.asp?action=summary&v=1&bookid=38802
|z Connect to the full text of this electronic book
|t 0
|
| 994 |
|
|
|a X0
|b IIC
|
| 999 |
|
|
|a MARS
|
| 999 |
f |
f |
|s 23473aac-2dcd-37df-82db-93672765e463
|i c66837de-9e34-378a-ab8a-74cdec9d6e0c
|t 0
|
| 952 |
f |
f |
|a Texas A&M University
|b College Station
|c Electronic Resources
|d Available Online
|t 0
|e TJ1058 .L35 1998eb
|h Library of Congress classification
|
| 998 |
f |
f |
|a TJ1058 .L35 1998eb
|t 0
|l Available Online
|